Statistics for Most Populated Countries Containing F, J, or Q

Click here to take the quiz!

General Stats

  • This quiz has been taken 278 times
  • The average score is 13 of 20

Answer Stats

PopulationCountry% Correct
2 milQatar
94%
67 milFrance
92%
126 milJapan
89%
5 milFinland
86%
859,000Fiji
84%
6 milJordan
84%
2 milJamaica
83%
25 milMozambique
67%
8 milTajikistan
55%
36 milIraq
54%
26 milAfghanistan
52%
77 milD.R. Congo
51%
103,000FS of Micronesia
49%
54 milSouth Africa
49%
757,000Equatorial Guinea
48%
4 milRep. Congo
47%
872,000Djibouti
44%
9 milAzerbaijan
42%
4 milC.A.R.
42%
18 milBurkina Faso
37%

Score Distribution

Percentile by Number Answered

Percent of People with Each Score

Your Score History

You have not taken this quiz